A visszaesés a büntetőjogban
Elmentve itt :
| Szerző: | |
|---|---|
| További közreműködők: | |
| Dokumentumtípus: | Szakdolgozat |
| Megjelent: |
1976
|
| Tárgyszavak: | |
| Online Access: | http://diploma.bibl.u-szeged.hu/35249 |
| LEADER | 00554nta a2200157 i 4500 | ||
|---|---|---|---|
| 001 | dipl35249 | ||
| 005 | 20111201172438.0 | ||
| 008 | 111201s1976 hu om 0|| zxx d | ||
| 040 | |a SZTE Diploma Repozitórium |b hun | ||
| 041 | |a zxx | ||
| 100 | 1 | |a Kulhanek Annamária | |
| 245 | 1 | 2 | |a A visszaesés a büntetőjogban |h [elektronikus dokumentum] / |c Annamária Kulhanek |
| 260 | |c 1976 | ||
| 650 | 4 | |a Jogi és igazgatási tanulmányok | |
| 700 | 1 | |a nincs megadva |e ths | |
| 856 | 4 | 0 | |u http://diploma.bibl.u-szeged.hu/id/eprint/35249/1/1976_kulhanek_annamaria.pdf |z Dokumentum-elérés |